5 Seconds of Summer (5SOS) - Chest - All lyrics - Statistics

General Stats
  • This quiz has been taken 37 times
  • The average score is 193 of 219
Answer Stats
Answer % Correct
a
100%
heart
100%
I
100%
in
100%
inside
100%
my
100%
my,
100%
to
100%
Your
100%
your
100%
chest
95%
found
95%
keep
95%
me
95%
the
95%
We
95%
we
95%
were
95%
dead,
90%
dead
90%
is
90%
love
90%
loving
90%
mess,
90%
was
90%
Yeah,
90%
cigarette
86%
death
86%
dressed
86%
getting
86%
hair
86%
head
86%
shared
86%
while
86%
never
81%
oh
81%
Oh-oh,
81%
oh-oh,
81%
there
81%
thought
81%
If
76%
nothing
76%
shadow
76%
standing
76%
used
76%
Blissfully
71%
care
71%
forget
71%
unaware,
71%
angel
67%
nothing's
67%
Promise
67%
up
67%
won't
67%
away
57%
here
52%
dark
48%
flame,
48%
Needed
48%
spark
48%
Ended
43%
Living
38%
Slipping
33%
prominent,
24%
No matching quizzes found
Score Distribution
Percent of People with Each Score
Percentile by Number Answered
Your Score History
You have not taken this quiz